<?xml version="1.0" encoding="UTF-8"?>
<record
    xmlns:xsi="http://www.w3.org/2001/XMLSchema-instance"
    xsi:schemaLocation="http://www.loc.gov/MARC21/slim http://www.loc.gov/standards/marcxml/schema/MARC21slim.xsd"
    xmlns="http://www.loc.gov/MARC21/slim">

  <leader>01247nam a22002537a 4500</leader>
  <controlfield tag="003">DO-SdBNP</controlfield>
  <controlfield tag="005">20240319114521.0</controlfield>
  <controlfield tag="008">220823b2022    dr o|||| |||| 10| 0 spa d</controlfield>
  <datafield tag="020" ind1=" " ind2=" ">
    <subfield code="a">xxxxxxxxxxxxxx</subfield>
  </datafield>
  <datafield tag="040" ind1=" " ind2=" ">
    <subfield code="a">DO-SdBNP</subfield>
    <subfield code="b">spa</subfield>
    <subfield code="c">BNPHU</subfield>
  </datafield>
  <datafield tag="082" ind1=" " ind2="4">
    <subfield code="a"> 781.63098</subfield>
    <subfield code="b">C749L</subfield>
    <subfield code="2">22</subfield>
  </datafield>
  <datafield tag="111" ind1="1" ind2="0">
    <subfield code="a">Congreso IASPM-AL</subfield>
    <subfield code="n">(14:</subfield>
    <subfield code="d">2020 :</subfield>
    <subfield code="c">Medell&#xED;n, Colombia)</subfield>
    <subfield code="9">82221</subfield>
  </datafield>
  <datafield tag="245" ind1="1" ind2=" ">
    <subfield code="a">Le cay&#xF3; la gota fr&#xED;a : formaci&#xF3;n, trabajo y econom&#xED;as de la m&#xFA;sica popular en Am&#xE9;rica Latina; actas del XIV Congreso IASPM-AL  = formac&#xE3;o, trabalho e economias da m&#xFA;sica popular na Am&#xE9;rica Latina ; anais do XIV Congresso da IASPM-AL</subfield>
  </datafield>
  <datafield tag="260" ind1=" " ind2=" ">
    <subfield code="a">Santo Domingo :</subfield>
    <subfield code="b">IASPM-AL,</subfield>
    <subfield code="c">2022</subfield>
  </datafield>
  <datafield tag="300" ind1=" " ind2=" ">
    <subfield code="a">508 p. :</subfield>
    <subfield code="b">il., fots., mapa, retrs., tablas,</subfield>
    <subfield code="c">25 cm.</subfield>
  </datafield>
  <datafield tag="500" ind1=" " ind2=" ">
    <subfield code="a">Incluye referencias bibliogr&#xE1;ficas y notas al pie de las p&#xE1;ginas</subfield>
  </datafield>
  <datafield tag="500" ind1=" " ind2=" ">
    <subfield code="a">Texto en espa&#xF1;ol y portugu&#xE9;s</subfield>
  </datafield>
  <datafield tag="650" ind1=" " ind2="4">
    <subfield code="a">M&#xFA;sica popular latinoamericana</subfield>
    <subfield code="x">Historia</subfield>
    <subfield code="v">Congresos, conferencias, etc.</subfield>
    <subfield code="9">82222</subfield>
  </datafield>
  <datafield tag="650" ind1=" " ind2="4">
    <subfield code="a">M&#xFA;sica popular latinoamericana </subfield>
    <subfield code="x">Aspectos tecnol&#xF3;gicos</subfield>
    <subfield code="v">Congresos, conferencias, etc.</subfield>
    <subfield code="9">82223</subfield>
  </datafield>
  <datafield tag="651" ind1=" " ind2="4">
    <subfield code="a">Tecnolog&#xED;a y arte</subfield>
    <subfield code="9">82224</subfield>
  </datafield>
  <datafield tag="700" ind1="1" ind2=" ">
    <subfield code="a">Tejeda, Dar&#xED;o</subfield>
    <subfield code="e">editor</subfield>
    <subfield code="9">2540</subfield>
  </datafield>
  <datafield tag="710" ind1="2" ind2=" ">
    <subfield code="a"> International Association for the Study of Popular Music</subfield>
    <subfield code="9">79007</subfield>
  </datafield>
  <datafield tag="942" ind1=" " ind2=" ">
    <subfield code="2">ddc</subfield>
    <subfield code="c">LBS1</subfield>
  </datafield>
  <datafield tag="999" ind1=" " ind2=" ">
    <subfield code="c">52301</subfield>
    <subfield code="d">52301</subfield>
  </datafield>
</record>
